000 00507nam a2200181Ia 4500
008 090123s9999 xx 000 0 und d
082 _b13191
100 _aगोखले अरविंद
245 _aकथाई
250 _a2
260 _bकॉन्टिनेंटल प्रकाशन
_c1983
300 _a152
600 _aगोखले अरविंद
630 _aकथाई
700 _aगोखले अरविंद
730 _aकथाई
942 _cBOOK
999 _c51254
_d51254